000 01139nam a22003617a 4500
001 0004423
003 KOHA_MİRAKIL
005 20260207001411.0
007 ta
008 090508b1979 tu |||gr||||#||||0|tur |
040 _aTR-BiSEU
_btur
_cTR-BiSEU
_erda
041 0 _atur
044 _ctu
050 _aJX1391
_b.G66 1979
100 1 _aGönlübol, Mehmet.
245 1 _aUluslararası politika :
_bilkeler, kavramlar, kurumlar/
_cMehmet Gönlübol ; Mehmet Gönlübol.
250 _a3. bs.
264 1 _aAnkara :
_bA.Ü. Siyasal Bilgiler Fakültesi Yayınları
_c1979
300 _aXVII, 588 sayfa; 21 cm
336 _ametin
_btxt
_2rdacontent
337 _aaracısız
_bn
_2rdamedia
338 _acilt
_bnc
_2rdacarrier
490 1 _aAnkara Üniversitesi.
490 1 _aSiyasal Bilgiler Fakültesi yayınları ;
_vno.
490 1 _a420.
500 _aDizin var.
650 0 _aUluslararası ilişkiler.
_97041
650 0 _aInternational relationship.
_910843
830 1 _aAnkara Üniversitesi.
_96714
830 1 _aSiyasal Bilgiler Fakültesi yayınları ;
_vno.
_96715
830 1 _a420.
_910844
942 _2lcc
_cBK
999 _c4405
_d4405